000 00491cam a22001934a 4500
005 20250605164314.0
008 250528s ||||||||||||||||||||||||d
035 _a22608
020 _a9780201624494
040 _aGR-AtMCL
_bgre
_dGR-AtMCL
_eAACR2
245 1 _aBUSINESS INFORMATION SYSTEMS / ANALYSIS, DESIGN AND PRACTICE
250 _a1
260 _bAddison-Wesley,
_c1995
300 _a631
700 1 _aCurtis Graham
_91024
942 _cBK
999 _c7656
_d7656